Christianity and the government of India/ (Record no. 17673)

MARC details
000 -LEADER
fixed length control field 00821cam a2200253u 4500
001 - CONTROL NUMBER
control field 10148296
003 - CONTROL NUMBER IDENTIFIER
control field ASL
005 - DATE AND TIME OF LATEST TRANSACTION
control field 20231015025623.0
008 - FIXED-LENGTH DATA ELEMENTS--GENERAL INFORMATION
fixed length control field 811117s1929 enk 000 0 eng
010 ## - LIBRARY OF CONGRESS CONTROL NUMBER
LC control number 29007302
040 ## - CATALOGING SOURCE
Original cataloging agency DLC
Transcribing agency ASL
Modifying agency ASL
043 ## - GEOGRAPHIC AREA CODE
Geographic area code a-ii---
050 00 - LIBRARY OF CONGRESS CALL NUMBER
Classification number BV3265
Item number .M35
082 ## - DEWEY DECIMAL CLASSIFICATION NUMBER
Classification number 266.0954
Item number MAC
100 ## - MAIN ENTRY--PERSONAL NAME
Personal name Mayhew, Arthur,
Dates associated with a name 1878- [from old catalog]
9 (RLIN) 541
245 10 - TITLE STATEMENT
Title Christianity and the government of India/
Statement of responsibility, etc. Arthur Mayhew
260 ## - PUBLICATION, DISTRIBUTION, ETC.
Place of publication, distribution, etc. London:
Name of publisher, distributor, etc. Faber & Gwyer limited,
Date of publication, distribution, etc. 1929.
300 ## - PHYSICAL DESCRIPTION
Extent 2 p. l., vii-xi 13-260 p.
Dimensions 23 cm.
504 ## - BIBLIOGRAPHY, ETC. NOTE
Bibliography, etc. note Includes bibliographical references
650 #0 - SUBJECT ADDED ENTRY--TOPICAL TERM
Topical term or geographic name entry element Missions
Geographic subdivision India.
651 #0 - SUBJECT ADDED ENTRY--GEOGRAPHIC NAME
Geographic name India
General subdivision Politics and government.
Form subdivision Religion
-- Society
Chronological subdivision Christain
-- British Government
906 ## - LOCAL DATA ELEMENT F, LDF (RLIN)
a 0
b cbc
c premunv
d u
e ncip
f 19
g y-gencatlg
942 ## - ADDED ENTRY ELEMENTS (KOHA)
Source of classification or shelving scheme Dewey Decimal Classification
Koha item type Books
Holdings
Withdrawn status Lost status Source of classification or shelving scheme Damaged status Not for loan Collection code Home library Current library Shelving location Date acquired Source of acquisition Total Checkouts Full call number Barcode Date last seen Copy number Price effective from Koha item type Public note
    Dewey Decimal Classification   Not For Loan Non-fiction Asiatic Society Library Asiatic Society Library Harrison Collection 02/05/2020 Donated by Prof. John B. Harrison   266.0954 MAC 100800 07/25/2017 C-1 07/25/2017 Books RARE
    Dewey Decimal Classification     Non-fiction Asiatic Society Library Asiatic Society Library Harrison Collection 04/20/2022 Donated by Prof. John B. Harrison   266.0954 MAC 116499 04/20/2022 C-2 04/20/2022 Books RARE

Powered by Koha